Biggest City by Time Zone - Statistics

General Stats
  • This quiz has been taken 23 times
    8 since last reset
  • The average score is 21 of 25
Answer Stats
UTC Population City % Correct
-10 1 M Honolulu
100%
+0 9 M London
100%
-8 13 M Los Angeles
100%
-6 21 M Mexico City
100%
-5 20 M New York/Newark
100%
+1 12 M Paris
100%
-3 21 M São Paulo
100%
+8 25 M Shanghai
100%
+9 37 M Tokyo/Yokohama
100%
+2 22 M Cairo
86%
+6 20 M Dhaka
86%
+7 30 M Jakarta
86%
+4.5 5 M Kabul
86%
+5 15 M Karachi
86%
+3 20 M Moscow
86%
+5.5 23 M Mumbai
86%
+10 5 M Sydney
86%
+3.5 15 M Tehran
86%
+12 2 M Auckland
71%
+5.75 1.5 M Kathmandu
71%
-7 4 M Phoenix
71%
+6.5 5 M Yangon
71%
+9.5 1.5 M Adelaide
57%
+4 3 M Dubai
57%
-4 9 M Caracas
43%
No matching quizzes found
Score Distribution
Percent of People with Each Score
Percentile by Number Answered
Your Score History
You have not taken this quiz since the last reset